[Event "NZL-ch Major op"]
[Site "Auckland"]
[Date "2011.01.08"]
[Round "7"]
[White "Stracy, Don M"]
[Black "Ansell, John"]
[Result "1-0"]
[WhiteElo "1796"]
[BlackElo "1320"]
[PlyCount "73"]
[EventDate "2011.01.02"]
[EventType "swiss"]
[EventRounds "11"]
[EventCountry "NZL"]
[SourceTitle "EXT 2018"]
[Source "ChessBase"]
[SourceDate "2017.10.13"]
[SourceVersion "1"]
[SourceVersionDate "2017.10.13"]
[SourceQuality "1"]

1. e4 d6 2. d4 Nf6 3. Nc3 g6 4. f4 Bg7 5. Nf3 0-0 6. Be2 c5 7. dxc5 dxc5 8. Qxd8 Rxd8 9. e5 Nd5 10. Nxd5 Rxd5 11. Bc4 Rd8 12. Be3 Be6 13. Bxe6 fxe6 14. Ng5 b6 15. Nxe6 Rd7 16. Ke2 Nc6 17. c3 a5 18. Rhd1 Raa7 19. g4 h6 20. Nxg7 Kxg7 21. e6 Rd8 22. Kf3 Kf6 23. Ke4 Kxe6 24. f5+ Kf6 25. Bxh6 g5 26. h4 gxh4 27. g5+ Kf7 28. Kf4 Rad7 29. g6+ Kg8 30. Rxd7 Rxd7 31. Bg5 h3 32. f6 exf6 33. Bxf6 Rd6 34. Kg5 Rd2 35. Re1 Rd5+ 36. Kh6 Kf8 37. Bg7+ 1-0

[Event "NZL-ch Major op"]
[Site "Auckland"]
[Date "2011.01.07"]
[Round "6"]
[White "Ansell, John"]
[Black "Puepuemai, Malo"]
[Result "0-1"]
[WhiteElo "1320"]
[BlackElo "1501"]
[PlyCount "114"]
[EventDate "2011.01.02"]
[EventType "swiss"]
[EventRounds "11"]
[EventCountry "NZL"]
[SourceTitle "EXT 2018"]
[Source "ChessBase"]
[SourceDate "2017.10.13"]
[SourceVersion "1"]
[SourceVersionDate "2017.10.13"]
[SourceQuality "1"]

1. d4 a6 2. e4 d6 3. c4 e6 4. Nc3 c6 5. Nf3 Be7 6. Be2 Nf6 7. 0-0 0-0 8. Be3 Ng4 9. Bf4 f5 10. e5 dxe5 11. Nxe5 c5 12. d5 exd5 13. Qxd5+ Qxd5 14. cxd5 Nxe5 15. Bxe5 Nd7 16. d6 Bg5 17. f4 b5 18. Bf3 Rb8 19. Rfe1 Bb7 20. Bxb7 Rxb7 21. fxg5 f4 22. Kf2 Rf5 23. Bxg7 Kxg7 24. Re7+ Rf7 25. Rae1 Nb6 26. R1e5 Nc4 27. Rxf7+ Rxf7 28. Rxc5 Nxd6 29. Rc6 Nc4 30. b3 Ne5 31. Rxa6 Rf5 32. h4 b4 33. Ne4 Ng4+ 34. Ke2 h5 35. Rb6 Ra5 36. Rxb4 Rxa2+ 37. Nd2 Ne3 38. Rxf4 Nxg2 39. Re4 Kg6 40. Kd3 Kf5 41. Rb4 Nf4+ 42. Ke3 Nd5+ 43. Kf3 Nxb4 44. Ne4 Nd5 45. Ng3+ Kg6 46. Ke4 Ne7 47. Ke5 Nf5 48. Nxf5 Ra5+ 49. Ke4 Rxf5 50. b4 Rb5 51. Kf3 Rxb4 52. Kg3 Rg4+ 53. Kh3 Kf5 54. g6 Kxg6 55. Kh2 Kf5 56. Kh3 Kf4 57. Kh2 Kf3 0-1

[Event "NZL-ch Major op"]
[Site "Auckland"]
[Date "2011.01.05"]
[Round "4"]
[White "Ansell, John"]
[Black "Kolev, Stefan"]
[Result "0-1"]
[WhiteElo "1320"]
[BlackElo "1511"]
[PlyCount "92"]
[EventDate "2011.01.02"]
[EventType "swiss"]
[EventRounds "11"]
[EventCountry "NZL"]
[SourceTitle "EXT 2018"]
[Source "ChessBase"]
[SourceDate "2017.10.13"]
[SourceVersion "1"]
[SourceVersionDate "2017.10.13"]
[SourceQuality "1"]

1. d4 d5 2. Bf4 Nf6 3. Nf3 c6 4. e3 Bf5 5. c4 e6 6. Nc3 Bd6 7. Ne5 Qc7 8. c5 Bxe5 9. Bxe5 Qd8 10. Bd3 Bxd3 11. Qxd3 0-0 12. 0-0 Nbd7 13. Bd6 Re8 14. h3 e5 15. b4 Re6 16. f4 e4 17. Qe2 Ne8 18. f5 Rh6 19. Bh2 Rf6 20. Rf4 Rh6 21. Raf1 Nef6 22. g4 Rxh3 23. Qg2 Rxe3 24. Ne2 a5 25. g5 Nh5 26. Rh4 g6 27. Nf4 Nxf4 28. Rhxf4 gxf5 29. Rxf5 Rf3 30. R1xf3 exf3 31. Qxf3 Qe8 32. Qf2 axb4 33. Rf3 Qe4 34. Re3 Qb1+ 35. Re1 Qxa2 36. Qe3 Qc2 37. Re2 Ra1+ 38. Kf2 Qf5+ 39. Bf4 b3 40. Kg3 Ra3 41. Qe8+ Nf8 42. Re3 b2 43. Rxa3 b1Q 44. Qxf8+ Kxf8 45. Ra8+ Ke7 46. Bd6+ Kd7 0-1

[Event "NZL-ch Major"]
[Site "Auckland"]
[Date "2010.01.08"]
[Round "7"]
[White "Ansell, John"]
[Black "Yao, Winston Yow Jen"]
[Result "0-1"]
[WhiteElo "1278"]
[BlackElo "1535"]
[PlyCount "108"]
[EventDate "2010.01.02"]
[EventType "swiss"]
[EventRounds "11"]
[EventCountry "NZL"]
[SourceTitle "CBM 134 Extra"]
[Source "ChessBase"]
[SourceDate "2010.03.03"]
[SourceVersion "1"]
[SourceVersionDate "2010.03.03"]
[SourceQuality "1"]

1. d4 Nf6 2. Bf4 g6 3. Nf3 Bg7 4. e3 0-0 5. Bd3 d6 6. c4 Nbd7 7. Nc3 Nh5 8. 0-0 Nxf4 9. exf4 f5 10. Qd2 Nf6 11. Rfe1 e6 12. Re2 h6 13. Rae1 c6 14. a4 Qa5 15. h3 Bd7 16. b3 Kh7 17. Qc2 Nh5 18. g3 Rac8 19. Re3 d5 20. Ne5 Bxe5 21. Rxe5 Qb6 22. c5 Qc7 23. b4 Nf6 24. f3 Nh5 25. Qh2 Rg8 26. Kf2 Rce8 27. g4 Nf6 28. Rg1 Qd8 29. Kf1 Bc8 30. h4 Nd7 31. Re2 Qf6 32. Qf2 fxg4 33. fxg4 Ref8 34. f5 gxf5 35. gxf5 Rxg1+ 36. Kxg1 exf5 37. Qf4 Kh8 38. Rf2 Rg8+ 39. Kf1 Nf8 40. Bxf5 Bxf5 41. Qxf5 Qxd4 42. Qf6+ Qxf6 43. Rxf6 Kg7 44. Rf4 Ne6 45. Rg4+ Kf7 46. Rxg8 Kxg8 47. Ne2 Kf7 48. Kf2 Kf6 49. Kf3 Ke5 50. Kg4 d4 51. Kh5 Nf4+ 52. Nxf4 Kxf4 53. a5 a6 54. Kxh6 d3 0-1

[Event "NZL-ch Major"]
[Site "Auckland"]
[Date "2010.01.07"]
[Round "6"]
[White "Ansell, John"]
[Black "Cooper, Nigel"]
[Result "0-1"]
[WhiteElo "1278"]
[BlackElo "1747"]
[PlyCount "58"]
[EventDate "2010.01.02"]
[EventType "swiss"]
[EventRounds "11"]
[EventCountry "NZL"]
[SourceTitle "CBM 134 Extra"]
[Source "ChessBase"]
[SourceDate "2010.03.03"]
[SourceVersion "1"]
[SourceVersionDate "2010.03.03"]
[SourceQuality "1"]

1. d4 d5 2. Bf4 e6 3. Nf3 Bd6 4. Bg3 f5 5. Ne5 Nf6 6. e3 0-0 7. Bd3 Nbd7 8. h3 Ne4 9. Bh2 Qf6 10. Nf3 Bxh2 11. Nxh2 e5 12. c3 c5 13. Nf3 Ng5 14. Nxg5 Qxg5 15. 0-0 e4 16. Bc2 f4 17. exf4 Rxf4 18. Qd2 c4 19. Qe3 Nf6 20. Bd1 Be6 21. Nd2 Rf8 22. Nf3 exf3 23. Qxe6+ Kh8 24. g3 Ne4 25. Kh2 R4f6 26. Qd7 Rg6 27. Bxf3 Nxg3 28. Rg1 Qf4 29. Qxd5 Nf1+ 0-1

[Event "NZL-ch Major"]
[Site "Auckland"]
[Date "2010.01.04"]
[Round "3"]
[White "Liu, Brian"]
[Black "Ansell, John"]
[Result "1-0"]
[WhiteElo "1572"]
[BlackElo "1278"]
[PlyCount "117"]
[EventDate "2010.01.02"]
[EventType "swiss"]
[EventRounds "11"]
[EventCountry "NZL"]
[SourceTitle "CBM 134 Extra"]
[Source "ChessBase"]
[SourceDate "2010.03.03"]
[SourceVersion "1"]
[SourceVersionDate "2010.03.03"]
[SourceQuality "1"]

1. d4 Nf6 2. Bf4 g6 3. e3 Bg7 4. Bd3 0-0 5. Nd2 d6 6. Ngf3 Nbd7 7. e4 e5 8. dxe5 dxe5 9. Nxe5 Nxe5 10. Bxe5 Re8 11. Bxf6 Qxf6 12. c3 b6 13. 0-0 Bb7 14. Qc2 Qc6 15. Rfe1 Rad8 16. Nf3 a5 17. e5 Rxe5 18. Rxe5 Bxe5 19. Be4 Qxe4 20. Qxe4 Bxh2+ 21. Nxh2 Bxe4 22. Nf1 f5 23. f3 Bd5 24. Rd1 Rd6 25. a3 f4 26. Rd4 g5 27. Nd2 Bf7 28. Rxd6 cxd6 29. Ne4 h6 30. Nxd6 Be6 31. Kf2 h5 32. Ne4 g4 33. Nf6+ Kf7 34. Nxh5 gxf3 35. gxf3 Ke7 36. Nxf4 Bf7 37. Nd3 Kd6 38. Ke3 Kd5 39. f4 Be6 40. Ne5 Kc5 41. Ke4 Kb5 42. f5 Bg8 43. Nd3 Kc4 44. Nc1 b5 45. f6 b4 46. cxb4 axb4 47. axb4 Kxb4 48. Kf5 Bf7 49. Kg5 Kc4 50. Kh6 Kd5 51. Kg7 Bh5 52. f7 Bxf7 53. Kxf7 Kc4 54. Ke6 Kd4 55. Kd6 Kc4 56. Kc6 Kb4 57. Kb6 Ka4 58. Kc5 Ka5 59. b4+ 1-0